| 000 | 00499nam a2200157Ia 4500 | ||
|---|---|---|---|
| 008 | 210210b1997 xxu||||| |||| 00| 0 eng d | ||
| 020 | _a81 207 1970 0 | ||
| 082 | _a331.892 SHES | ||
| 100 | _aSHENOY (P D). | ||
| 245 | _aStrikes : how to avoid them. (Resolution of industrial disputes through conciliation in India: an analysis of selected cases). | ||
| 260 |
_aND _bSterling publishers pvt ltd. _c1997 |
||
| 300 | _avi,168 | ||
| 650 | _aStrikes | ||
| 690 | _aLabour Economics | ||
| 906 | _a052393 | ||
| 999 |
_c100850 _d100850 |
||